000
00271nam a2200109Ia 4500
005
20251222141907.0
008
251222s9999||||xx |||||||||||||| ||spa||
082
_a
346.048/I49
245
0
_a
Compendio EstadÃstico Institucional 2006-2010
264
_b
Indecopi
942
_c
LIB
999
_c
8243
_d
8243